000
00340 a2200169 4500
001
174327
020
_a
85-08-04069-5
040
_c
Magnum
100
_a
França, Mary
240
1
0
_a
O piquenique
_l
por
245
1
0
_a
O piquenique
300
_a
16
362
0
_a
1998
440
1
_a
Ática
697
_a
LITERATURA INFANTIL
942
_c
BK
999
_c
174327
_d
174327